000 01133nam2a2200289 4500
001 rc\3023566
005 20260315064804.0
035 _a(NLR Aleph) 007165333
090 _a13619653
_c13619653
100 _a20110928d1939 u y0rusy50 ca
101 0 _arus
102 _aRU
105 _aa z |||||
200 1 _aТеатр эпохи Просвещения
210 _d1939
215 _a512 с.
_cил.
320 _aИмен. указатель: с. 501-9
320 _aБиблиогр.: с. 485-96
461 0 _1001rc\3023565
_12001#$aИстория Западноевропейского театра$eТ. 2-$vТ. 2
_1700#1$aМокульский$bС. С.$f1896-1960$gСтефан Стефанович$3RU\NLR\AUTH\77106550
_97290965
_aМокульский, С. С. (1896-1960)
_cМосква
_d1939
_nИскусство
_oТ. 2-
_tИстория Западноевропейского театра
_vТ. 2
801 0 _aRU
_bNLR
_gpsbo
801 1 _aRU
_bELAR
_2rusmarc
852 _aNLR
_j36-18/202(2)
852 _aNLR
_jИс70 В-5/9(2)
852 _aNLR
_bМф
_jК-1/9450(2)
942 _cUNSPEC
980 _aNB